|
|
|
|
| LEADER |
00000nab a2200000 a 4500 |
| 001 |
vtls010253476 |
| 003 |
SK-MaSNL |
| 005 |
20260303092452.0 |
| 008 |
14052204c2006 xo o e sl |
| 035 |
|
|
|a SVKKK000060042
|
| 038 |
|
|
|a SVKKK
|
| 040 |
|
|
|a SVKKK
|b slo
|c SVKKK
|e AACR2
|
| 041 |
0 |
|
|a slo
|
| 044 |
|
|
|a xo
|c SK
|
| 080 |
|
|
|a 621.791
|2 1997
|
| 080 |
|
|
|a 929 Kupča, Ľudovít
|2 1997
|
| 245 |
0 |
0 |
|a Ing. Ľudovít Kupča, CSc., vedecký pracovník VÚJE Trnava, oslávil šesťdesiatku
|c [autor] A. J.
|
| 300 |
|
|
|b Fotogr.
|
| 600 |
1 |
7 |
|a Kupča, Ľudovít,
|x vedúci vedecký pracovník
|d 1946-,
|z Podlužany (Slovensko)
|2 snkbucl
|9 1102000
|
| 650 |
0 |
7 |
|a zváranie
|2 snkbucl
|9 1839
|
| 773 |
0 |
|
|t Zváranie
|g Roč. 55, č. 3 (2006), s. 90
|x 0044-5525
|
| 852 |
|
|
|a SVKKK
|b BIB
|
| 958 |
|
|
|a BX
|
| 999 |
|
|
|c 1812321
|d 1814251
|